| Tag |
First Indicator |
Second Indicator |
Subfields |
| LEADER |
00000cam a2200000 a 4500 |
| 001 |
in00000035047 |
| 005 |
20151007055249.0 |
| 008 |
870414s1987 enkb b 00010 eng |
| 010 |
|
|
|a 87011674
|
| 020 |
|
|
|a 0566055392 (pbk.) :
|c $18.00 (U.S. : est.)
|
| 035 |
|
|
|a (OCoLC)15628170
|
| 035 |
|
|
|9 AAB7728AM
|
| 040 |
|
|
|a DLC
|c DLC
|d TXA
|d UtOrBLW
|
| 043 |
|
|
|a f-sa---
|
| 049 |
|
|
|a TXAM
|c [A11089323]
|
| 050 |
0 |
0 |
|a HF1413.5
|b .H39 1987
|
| 082 |
0 |
|
|a 337.68
|2 19
|
| 100 |
1 |
|
|a Hayes, J. P.
|q (John Philip),
|d 1924-
|
| 245 |
1 |
0 |
|a Economic effects of sanctions on southern Africa /
|c by J.P. Hayes.
|
| 264 |
|
1 |
|a Aldershot, Hampshire, England ;
|a Brookfield, Vt., USA :
|b Gower,
|c 1987.
|
| 300 |
|
|
|a xii, 100 pages :
|b map ;
|c 22 cm.
|
| 336 |
|
|
|a text
|b txt
|2 rdacontent
|
| 337 |
|
|
|a unmediated
|b n
|2 rdamedia
|
| 338 |
|
|
|a volume
|b nc
|2 rdacarrier
|
| 490 |
1 |
|
|a Thames essay ;
|v no. 53
|
| 500 |
|
|
|a Published for the Trade Policy Research Centre, London.
|
| 504 |
|
|
|a Bibliography: pages [94]-95.
|
| 650 |
|
0 |
|a Economic sanctions
|z South Africa.
|
| 710 |
2 |
|
|a Trade Policy Research Centre.
|
| 830 |
|
0 |
|a Thames essay ;
|v no. 53.
|
| 999 |
|
|
|a MARS
|
| 999 |
f |
f |
|s e59f1505-21d2-352b-8ae1-1f8018a5c155
|i 1388087c-cd1a-3712-811d-fb0737e14ab4
|t 0
|
| 952 |
f |
f |
|p ric
|a Texas A&M University
|b Rellis Campus
|c Joint Library Facility
|d Remote Storage
|t 0
|e HF1413.5 .H39 1987
|h Library of Congress classification
|i unmediated -- volume
|m A14811089323
|
| 998 |
f |
f |
|a HF1413.5 .H39 1987
|t 0
|l Remote Storage
|